000 00415nam a2200157 a 4500
001 000029871
005 20200930055854.0
008 110426s2006 dr ac 000 0 spa d
040 _aDO-SdBNP
_bspa
_cBNPHU
082 _axxxx
110 2 _aAyuntamiento de San José de las Matas
_956617
245 1 0 _aMemorias 2002-2006.
260 _aSanto Domingo :
_bArgos,
_c2006.
300 _a40 p. :
_b29 cm.
049 _aBNPD
999 _c29363
_d29363